MARC

LEADER 00000nam0a2200000 4500
001 225300
005 20231101230644.0
010 |a 9780521175999 
035 |a (RuTPU)RU\TPU\book\245642 
035 |a RU\TPU\book\245616 
090 |a 225300 
100 |a 20121109d2011 m y0engy50 ba 
101 0 |a eng 
102 |a GB 
105 |a a j 001zy 
200 1 |a Active Grammar  |e Level 2 with answers  |f F. Davis, W. Rimmer 
210 |a Cambridge  |c Cambridge University Press  |d 2011 
215 |a 215 p.  |c il.  |e CD-ROM 
225 1 |a Cambridge 
320 |a Index: p. 206. 
606 1 |a Английский язык  |x Учебные руководства и пособия для высшей школы  |x Пособия по грамматике  |2 stltpush  |3 (RuTPU)RU\TPU\subj\29073  |9 52485 
610 1 |a грамматические категории 
610 1 |a грамматические нормы 
610 1 |a грамматические трудности 
610 1 |a грамматические упражнения 
610 1 |a грамматические формы 
610 1 |a CD-ROM 
686 |a Ш143.21-923.2  |v LBC/SL-A  |2 rubbk 
700 1 |a Davis  |b F.  |g Fiona 
701 1 |a Rimmer  |b W.  |g Wayne 
702 1 |a Ur  |b P.  |g Penny  |4 340 
801 1 |a RU  |b 63413507  |c 20121108 
801 2 |a RU  |b 63413507  |c 20160915  |g RCR 
942 |c BK